000 01343cam1a220022900 4500
001 tmp15223783
003 UPRA
005 20190826103225.0
008 950718s1955 be fre u
035 _a(Sirsi) r105018
035 _a(UPRA)tmp15223783
040 _cUPRA
100 1 _aDory, E.
_6A62008.1
245 1 2 _aL'evolution des institutions de prevoyance en matiere de pensions de retraite et de survie au Congo belge et au Ruanda-Urundi.
260 _aBruxelles,
_c1955.
490 1 _aAcademie Royale des Sciences d'outre-mer. Classe des Sciences Morales et Politiques. Memoires in-8 . Nouv. ser. ;
_vt. 5, fasc. 1
650 0 _aPensions -- Zaire.
_zPensions -- Zaire.
_6S48300.1
650 0 _aPensions -- Ruanda-Urundi.
_zPensions -- Ruanda-Urundi.
_6S48301.1
810 2 _aAcademie royale des sciences d'outre-mer. Classe des sciences morales et politiques. Memoires in-8 . Nouv. ser ;
_bAcademie royale des sciences d'outre-mer. Classe des sciences morales et politiques. Memoires in-8 . Nouv. ser ;
_tAcademie royale des sciences d'outre-mer. Classe des sciences morales et politiques. Memoires in-8 . Nouv. ser ;
_pAcademie royale des sciences d'outre-mer. Classe des sciences morales et politiques. Memoires in-8 . Nouv. ser ;
_vt. 5, fasc. 1
_6S9893.2
949 _aDT1.A2
_wlcc
_i-149200
_mMAIN
_tBOOK
_lON-SHELF
004 105018
999 _c165505
_d165505